| 000 | 01016nam a2200217Ia 4500 | ||
|---|---|---|---|
| 003 | OSt | ||
| 005 | 20210728191544.0 | ||
| 008 | 210310s2002 ck ad gr 000 0 spa d | ||
| 040 |
_aCO-JMCR _cCO-JMCR |
||
| 041 | 0 | _aspa | |
| 082 | 0 | 4 |
_a333.72 / _bC764h _223 |
| 110 | 2 |
_aContraloría de Bogotá D.C. _938864 |
|
| 245 | 1 | 0 |
_aHabitabilidad y sostenibilidad ambiental de Bogotá D.C. : _binforme anual sobre el estado de los recursos naturales y el medio ambiente en Bogotá / _cContraloría de Bogotá D.C. |
| 260 |
_aBogotá : _bContraloría de Bogotá D.C., _c2002 |
||
| 300 |
_a87 páginas : _bilustraciones y gráficas a color ; _c28 cm. |
||
| 500 | _aIncluye notas a pie de página. | ||
| 505 | 0 | _aAnálisis de la gestión ambiental en el Distrito Capital -- Análisis preliminar de la habitabilidad y de la sostenibilidad de Bogotá | |
| 650 | 1 | 4 |
_aGestión ambiental _916016 _xInformes _zBogotá (Colombia) |
| 650 | 2 | 4 |
_aSostenibilidad _vGestión ambiental _xInformes _zBogotá (Colombia) _938865 |
| 942 |
_2ddc _cBK |
||
| 999 |
_c7989 _d7989 |
||